000 01504nam a2200361 i 4500
001 000015605
003 DO-SdBNP
005 20250129073605.0
007 ta
008 100215s2009 dr a 000 spa d
020 _a9789945866513
040 _aDO-SdBNP
_bspa
_cBNPHU
_erda
082 4 _a359.4
_bM433m
_222
100 1 _a Matos G., Ramiro‏
_q(Matos González)
_d1927-
_eautor
_937780
245 1 0 _aMisión naval a España, 1954 :
_bAlmirante Lajara Burgos, vicisitudes y consejo de guerra /
_cRamiro Matos González, Homero Luis Lajara Solá ; prólogo, Juan Daniel Balcácer
264 _aSanto Domingo :
_bBúho,
_c2009.
300 _a477 páginas :
_bilustraciones ;
_c25 cm.
336 _2rdacontent
_atexto
_btxt
337 _2rdamedia
_asin mediación
_bn
338 _2rdacarrier
_avolumen
_bnc
500 _aIncluye índice onomástico
500 _aIncluye breve biografía de los autores en la solapa de la cubierta y en la solapa de la contra cubierta
504 _aBibliografía : p. 463-468
590 _aInventariado, 2021/MFF
600 1 4 _aLajara Burgos, Luis Homero,
_d1920-1994
_978571
610 1 _aRepública Dominicana
_bMarina de Guerra. Oficiales
_978566
650 4 _aMisiones militares
_zRepública Dominicana
_978572
651 4 _aRepública Dominicana
_xHistoria naval
_978573
700 1 _aLajara Burgos, Luis Homero,
_d 1920-1994
_917778
700 1 _aBalcácer, Juan Daniel,
_d1949-
_epról.
_96566
910 _aValidado. Control de calidad MFF
942 _2ddc
_cLBS1
999 _c15160
_d15160